Výtvarné alternatívy '99 bienále v Považskej Bystrici

Bibliographic Details
Main Author: Minárik, Rudolf (Author)
Format: Article
Language:Slovak
PhysicalDescription:Fotogr.
Subjects:

MARC

LEADER 00000nab a2200000 a 4500
001 vtls000701143
003 SK-MaSNL
005 20260305032314.0
008 180206c1999 xo 0 slo
015 |a SNBRB1999/09-20001 
035 |a CLN000053310 
040 |a SNKBUCL  |b slo  |c SNKBUCL  |e AACR2 
041 0 |a slo 
044 |a xo  |c SK 
080 |a 73/76.077-053.2:061.4  |2 UDC-MRF-SK2 
100 1 |a Minárik, Rudolf  |4 aut  |9 272267 
245 1 0 |a Výtvarné alternatívy '99  |b bienále v Považskej Bystrici  |c Rudolf Minárik 
300 |b Fotogr. 
611 1 7 |a Výtvarné alternatívy  |n 6.  |d 1999  |c Považská Bystrica, Slovensko  |2 snkbucl  |9 1611446 
650 0 7 |a amatérske výtvarné umenie  |2 snkbucl  |9 74225 
651 7 |a Považská Bystrica (Slovensko : okres)  |2 snkbucl  |9 51831 
655 7 |a články z novín a časopisov  |2 snkbucl  |9 267496 
773 0 |t Národná osveta  |g Roč. 9, č. 16 (1999) 
773 0 |t [Príl.] Paleta  |g Roč. 5, č. 4 (1999), s. V 
850 |a Slovenská národná knižnica v Martine 
852 |a SNK  |b KIS3GCP 
958 |a RBX 
999 |c 3319521  |d 3321451